Sicología del desarrollo: de la infancia a la adolescencia
Salvato in:
| Autori principali: | , |
|---|---|
| Natura: | Libro |
| Lingua: | spagnolo |
| Pubblicazione: |
Bogotá
McGraw-Hill
1978
|
| Soggetti: | |
| Tags: |
Aggiungi Tag
Nessun Tag, puoi essere il primo ad aggiungerne!!
|
MARC
| LEADER | 00000nam a2200000 a 4500 | ||
|---|---|---|---|
| 001 | UCW5324 | ||
| 003 | CL-VaPUC | ||
| 005 | 20231020111939.0 | ||
| 008 | 910403e19780000CK |||||||||||||||||spa|d | ||
| 999 | |c 218788 |d 218786 | ||
| 040 | |c Pontificia Universidad Católica de Valparaíso | ||
| 082 | 0 | 4 | |a 155.418 |b PAP |2 21 |
| 100 | |a Papalia, Diane E. |e autora |9 307695 | ||
| 245 | 1 | 0 | |a Sicología del desarrollo: de la infancia a la adolescencia |
| 260 | |a Bogotá |b McGraw-Hill |c 1978 | ||
| 300 | |a 632 p | ||
| 583 | |a last modification |c 20130106 10:58:25 |k Rodrigo Vera | ||
| 650 | 0 | |a Psicología del adolescente |9 307864 | |
| 650 | 0 | |a Psicología del niño |9 307305 | |
| 650 | 0 | |a Desarrollo cognitivo |9 311398 |x Niño |x Adolescente | |
| 700 | 0 | |a Olds, Sally Wendkos |e author |9 310251 | |
| 942 | |c BK |2 ddc | ||
| 945 | |d 19910403 00:00:00 | ||
| 952 | |0 0 |1 0 |4 0 |6 155_418000000000000_PAP_1978 |7 0 |8 R |9 208921 |a BIBEDU |b BIBEDU |d 2019-11-15 |i 2767201 |o 155.418 PAP 1978 |p 2767201 |r 2019-11-15 |w 2019-11-15 |y BK_R |k EDU | ||
| 952 | |0 0 |1 0 |4 0 |6 155_418000000000000_PAP_1978 |7 0 |8 R |9 208922 |a BIBEDU |b BIBEDU |d 2019-11-15 |i 276721K |o 155.418 PAP 1978 |p 276721K |r 2019-11-15 |w 2019-11-15 |y BK_R |k EDU | ||